00554nam a2200169 a 450000100100000000500170001000800410002702000150006804000250008308200200010824501170012826000310024530000210027665000300029765000320032770000250035900003507720200930074105.0110801s1929 ag c 000 p spa d a8449905141 aDO-SdBNPbspacBNPHU aPR861.08bC569m00aLas cien mejores poesías líricas de Puerto Rico /cselección, prólogo y siluetas por Jorge Luis Morales. aRio Piedra :bEdil,c1929. a289 p. ;c20 cm. 4aPoesía puertorriqueña 4aLiteratura puertorriqueña12aMorales , Jorge Luis